000
00251nam a2200109Ia 4500
008
170627s9999 xx 000 0 und d
100
_a
MILKOVICH
245
0
_a
PERSONNEL HUMAN RESOURCE MANAGEMENT
260
_b
AITBS
260
_c
2004
546
_a
ENGLISH
690
_a
MANAGEMENT
999
_c
35441
_d
35441